The Early History of Rome (Record no. 575834)

MARC details
000 -LEADER
fixed length control field 01527nam a2200169Ia 4500
008 - FIXED-LENGTH DATA ELEMENTS--GENERAL INFORMATION
fixed length control field 250714s9999 xx 000 0 und d
020 ## - INTERNATIONAL STANDARD BOOK NUMBER
ISBN 9780140448092
082 ## - DEWEY DECIMAL CLASSIFICATION NUMBER
Classification number 937.01
Item number LIV
100 ## - MAIN ENTRY--AUTHOR NAME
Personal name Livy, Titus
245 #4 - TITLE STATEMENT
Title The Early History of Rome
260 ## - PUBLICATION, DISTRIBUTION, ETC. (IMPRINT)
Name of publisher Penguin Classics
Year of publication 2002
300 ## - PHYSICAL DESCRIPTION
Number of Pages 500 pages
500 ## - GENERAL NOTE
General note With stylistic brilliance and historical imagination, the first five books of Livy's monumental history of Rome record events from the foundation of Rome through the history of the seven kings, the establishment of the Republic and its internal struggles, up to Rome's recovery after the fierce Gallic invasion of the fourth century B.C. Livy vividly depicts the great characters, legends, and tales, including the story of Romulus and Remus. Reprinting Robert Ogilvie's lucid 1971 introduction, this highly regarded edition now boasts a new preface, examining the text in light of recent Livy scholarship, informative maps, bibliography, and an index. For more than seventy years, Penguin has been the leading publisher of classic literature in the English-speaking world. With more than 1,700 titles, Penguin Classics represents a global bookshelf of the best works throughout history and across genres and disciplines. Readers trust the series to provide authoritative texts enhanced by introductions and notes by distinguished scholars and contemporary authors, as well as up-to-date translations by award-winning translators.
650 ## - SUBJECT ADDED ENTRY--TOPICAL TERM
Topical Term History
942 ## - ADDED ENTRY ELEMENTS (KOHA)
Koha item type English Books
Holdings
Withdrawn status Lost status Damaged status Not for loan Home library Current library Shelving location Date acquired Full call number Accession Number Price effective from Koha item type
        Anna Centenary Library Anna Centenary Library 7TH FLOOR, B WING 14.07.2025 937.01 LIV 383163 14.07.2025 English Books

Find us on the map